000
00306nam a2200121Ia 4500
008
241028s9999 xx 000 0 und d
041
_a
eng
082
_a
658.4030 BRA
100
_a
Bradshaw, Kumar
245
_a
Ai Strategy To Execution
260
_b
Wiley India
_a
New Delhi
_c
2024
300
_a
327;. P. 22 cm
999
_c
43094
_d
43094